00427nam a2200169Ia 4500003000400000005001700004008004100021020001800062040000600080041000800086082002200094100003100116245005200147260003000199300001500229365001300244OSt20230427122852.0210423s2005 xx 000 0 und d a9788120342224 cA aeng a657.48 223bMUKD aMUKHOPADHYAY (Dinabandhu). aFinancial accounting: a managerial perspective. bAsian Books Pvt Ltdc2005 axx,604bPB b325cINR